000 01502nam a22003371u 4500
001 05627
003 HDC
007 cr bn ---aaaaa
008 210120p9999 | d 00 engg
040 _aHDC
100 _aAbdul Manaf Bohari
_eauthor
_91667
245 0 _aSWOT Analysis on the Halal Food Industry in Malaysia: Competitiveness and ICT-Strategic Recommendation / by
_cAbdul Manaf Bohari
260 _a[no place] :
_b[publisher not identified],
_c[no year]
260 _aMalaysia:
_bUKM Press,
_c2013
300 _a 1 online resource (9 pages)
336 _atext
_2rdacontent
337 _acomputer
_2rdamedia
338 _aonline resource
_2rdacarrier
500 _aExtract from: Geografia: Malaysia Journal of Society and Space, 2013, volume 9, issue 1 (pages 1-14)
_aIncludes bibliographical references
650 _acurrent development
_zMalaysia
_95908
650 _ahalal food industry
_9128
650 _aHalal food
_zMalaysia
_9332
700 _aCheng, Wei Hin
_ejoint author
_91668
700 _aNurwahida Fuad
_ejoint author
_91669
710 _aUKM Press
_epublisher
856 _zRequest full-text at [email protected]
856 _zRequest full-text at [email protected]
942 _2lcc
942 _cAR
942 _kJART 001428
999 _c2951
_d2951